000 00793cam a2200205 4500
001 ABS62323
008 000000n2000 000 0 eng u
035 _a(Sirsi) u106043
100 _aOoi, J.
245 _aCorporate reliance on bank loans: an empirical analysis of UK property companies
260 _c2000
490 _aJournal of Property Investment and Finance
_v18(1) January 2000, 103-120(18)
520 _aFocuses on the debt ownership choice of UK property companies. data shows that bank borrowing makes up more than half of the total outstanding debt of the quoted property sector. References.
590 _aABS
650 _aBANK LENDING
650 _aDEBT
650 _aPROPERTY COMPANIES
690 _aMANAGEMENT-BUSINESS MANAGEMENT-FINANCIAL MANAGEMENT
942 _n0
999 _c63515
_d63515